[Event "Liga CS Istok 2017"]
[Site "Zaječar, Hotel "]
[Date "2017.10.13"]
[Round "8.1"]
[White "Dinic, Dragan"]
[Black "Radenkovic, Dragan"]
[Result "1-0"]
[WhiteElo "2267"]
[BlackElo "2150"]
[PlyCount "71"]
[EventDate "2017.09.03"]

1. e4 Nf6 2. Nc3 d6 3. d4 g6 4. f4 Bg7 5. Bc4 O-O 6. e5 Bg4 7. Nf3 dxe5 8. fxe5
Nfd7 9. h3 Bxf3 10. Qxf3 Nb6 11. Qd3 Nc6 12. Ne2 Nxc4 13. Qxc4 e6 14. O-O Qh4
15. Bf4 Rad8 16. Rae1 Rd5 17. c3 Qd8 18. Ng3 Na5 19. Qe2 c5 20. dxc5 Nc6 21. b4
Bxe5 22. Ne4 Bg7 23. a4 a5 24. b5 Ne5 25. Be3 Qh4 26. Bd4 f5 27. Nd2 Rxd4 28.
cxd4 Qxd4+ 29. Kh1 Qxc5 30. Nf3 Nxf3 31. Qxe6+ Kh8 32. Rxf3 Qb4 33. Qe7 Qxa4
34. Qxb7 Qb4 35. Qe7 Qxb5 36. Rd1 1-0

[Event "Liga CS Istok 2017"]
[Site "Zaječar, Hotel "]
[Date "2017.10.13"]
[Round "8.1"]
[White "Dodic, Dragan"]
[Black "Ninic, Dragoslav"]
[Result "1/2-1/2"]
[WhiteElo "2050"]
[BlackElo "2013"]
[PlyCount "114"]
[EventDate "2017.09.03"]

1. c4 Nf6 2. Nc3 e6 3. d4 d5 4. cxd5 exd5 5. Bg5 Be7 6. Qc2 Nc6 7. e3 a6 8. a3
Be6 9. Bd3 h6 10. Bh4 g5 11. Bg3 Nh5 12. Nf3 Nxg3 13. hxg3 Qd7 14. b4 h5 15.
Rc1 h4 16. Na4 Bxb4+ 17. axb4 Nxb4 18. Qb3 Nxd3+ 19. Qxd3 Qxa4 20. Nxg5 O-O-O
21. Nxe6 fxe6 22. Rxh4 Rdg8 23. Kf1 Qd7 24. Kg1 Qg7 25. Rh3 Rh6 26. Qc3 Rgh8
27. Rxh6 Rxh6 28. f3 Qxg3 29. Qc5 Kd7 30. Qf8 Qh2+ 31. Kf2 Rh7 32. Qg8 Qh4+ 33.
Ke2 Qe7 34. Qb8 Qd6 35. Qg8 Re7 36. f4 Qa3 37. Rh1 Qa2+ 38. Kf3 Qc2 39. Rh8
Qd1+ 40. Kg3 Kc6 41. Qf8 Qe1+ 42. Kh2 Qb4 43. Kg3 a5 44. Kf3 a4 45. Rh7 Kd7 46.
g4 a3 47. g5 a2 48. Rxe7+ Qxe7 49. Qa8 Qh7 50. Qa4+ c6 51. g6 Qxg6 52. Qxa2
Qh5+ 53. Kg3 Qg6+ 54. Kf2 Qd3 55. Qa8 Kc7 56. Qe8 Qe4 57. Qe7+ Kb6 1/2-1/2

[Event "Liga CS Istok 2017"]
[Site "Zaječar, Hotel "]
[Date "2017.10.13"]
[Round "8.1"]
[White "Radovanovic, Danko"]
[Black "Petrovic, Petar R*"]
[Result "0-1"]
[WhiteElo "1826"]
[BlackElo "1994"]
[PlyCount "90"]
[EventDate "2017.09.03"]

1. c4 e5 2. Nc3 Nf6 3. Nf3 Nc6 4. g3 Bb4 5. Bg2 O-O 6. O-O Bxc3 7. dxc3 d6 8.
Bg5 h6 9. Bd2 Be6 10. b3 Nd7 11. Qc2 f5 12. Rfd1 Qf6 13. e3 g5 14. Be1 g4 15.
Nh4 e4 16. Bf1 Nde5 17. Ng2 Nf3+ 18. Kh1 h5 19. Nf4 Nce5 20. Nxe6 Qxe6 21. h4
Qf6 22. Rd5 c6 23. Rxe5 dxe5 24. c5 Rad8 25. c4 Nxe1 26. Rxe1 Rd7 27. Kg2 Rfd8
28. Re2 Rd1 29. Qb2 Qe7 30. Rc2 f4 31. exf4 exf4 32. Rc1 R1d2 33. Rc2 e3 34.
Kg1 e2 35. Rxd2 Rxd2 36. Qxd2 e1=Q 37. Qxf4 Q1e5 38. Qxe5 Qxe5 39. b4 Qa1 40.
b5 Qxa2 41. bxc6 bxc6 42. Bd3 Qa3 43. Bb1 a5 44. Kg2 Qxc5 45. f3 Qe3 0-1

[Event "Liga CS Istok 2017"]
[Site "Zaječar, Hotel "]
[Date "2017.10.13"]
[Round "8.1"]
[White "Radojkovic, Stefan**"]
[Black "Kujic, Goran"]
[Result "1/2-1/2"]
[WhiteElo "2014"]
[BlackElo "1848"]
[PlyCount "107"]
[EventDate "2017.09.03"]

1. e4 e6 2. d4 d5 3. Nd2 c6 4. Ngf3 dxe4 5. Nxe4 Nf6 6. Nxf6+ gxf6 7. c4 b6 8.
Be3 Bb7 9. Qb3 Nd7 10. O-O-O Qc7 11. Kb1 O-O-O 12. Be2 c5 13. d5 Bd6 14. Rd2
Ne5 15. Nxe5 Bxe5 16. Rhd1 f5 17. Bg5 f6 18. Bh4 exd5 19. cxd5 f4 20. g3 Qd6
21. Qc2 Kb8 22. gxf4 Bxf4 23. Qf5 Be5 24. Bg3 Bc8 25. Qc2 h5 26. Qc4 Bxg3 27.
hxg3 Rde8 28. Rh1 Bf5+ 29. Bd3 Bd7 30. Bg6 Reg8 31. Rxh5 Rxh5 32. Bxh5 Bf5+ 33.
Kc1 Rh8 34. g4 Bd7 35. Re2 f5 36. f3 b5 37. Qc3 Rc8 38. Qe5 Qxe5 39. Rxe5 fxg4
40. Bxg4 Bxg4 41. fxg4 Kc7 42. Re7+ Kd6 43. Rxa7 Rg8 44. a4 b4 45. Rf7 Rxg4 46.
a5 Kxd5 47. a6 Kc4 48. a7 Rg1+ 49. Kc2 b3+ 50. Kd2 Ra1 51. Rf4+ Kb5 52. Kc3
Rxa7 53. Kxb3 Rh7 54. Rf3 1/2-1/2

[Event "Liga CS Istok 2017"]
[Site "Zaječar, Hotel "]
[Date "2017.10.13"]
[Round "8.1"]
[White "Dimitrijevic, Zoran S"]
[Black "Velikic, Vule"]
[Result "0-1"]
[WhiteElo "1654"]
[BlackElo "1804"]
[PlyCount "80"]
[EventDate "2017.09.03"]

1. d4 Nf6 2. c4 e6 3. Nc3 Bb4 4. Nf3 c5 5. Bg5 h6 6. Bf4 d5 7. e3 Nc6 8. a3
cxd4 9. exd4 Be7 10. Be2 dxc4 11. Bxc4 a6 12. O-O O-O 13. d5 exd5 14. Nxd5 Nxd5
15. Bxd5 Qb6 16. Qb3 Qxb3 17. Bxb3 Bf6 18. Bd5 Bf5 19. Bxc6 bxc6 20. Be5 Be7
21. Rfe1 f6 22. Bf4 Kf7 23. Rad1 Ra7 24. Nd4 Bd7 25. b4 c5 26. bxc5 Bxc5 27.
Rd3 g5 28. Be3 Rb7 29. Nb3 Bxe3 30. Rdxe3 Re8 31. Rxe8 Bxe8 32. Nc5 Rb6 33. g3
Rc6 34. Ne4 Bd7 35. Rd1 Bh3 36. f3 Be6 37. Rd3 Ke7 38. Kf1 Bc4 39. Ke2 f5 40.
Nc3 Rd6 0-1

[Event "Liga CS Istok 2017"]
[Site "Zaječar, Hotel "]
[Date "2017.10.13"]
[Round "8.1"]
[White "Milutinovic, Bojan"]
[Black "Licic, Nenad*"]
[Result "1-0"]
[WhiteElo "1798"]
[BlackElo "1723"]
[PlyCount "39"]
[EventDate "2017.09.03"]

1. e4 c5 2. Nf3 d6 3. d4 cxd4 4. Nxd4 Nf6 5. Nc3 a6 6. Bg5 e6 7. f4 Be7 8. Qf3
h6 9. Bh4 Nbd7 10. O-O-O Rb8 11. g4 e5 12. Nf5 Rg8 13. Nxd6+ Bxd6 14. Rxd6 exf4
15. Bxf6 gxf6 16. Qxf4 Qa5 17. Rxd7 Kxd7 18. Qxb8 Rxg4 19. Bh3 Ke7 20. Nd5+ 1-0

[Event "Liga CS Istok 2017"]
[Site "Zaječar, Hotel "]
[Date "2017.10.13"]
[Round "8.1"]
[White "Stojkovic, Dusan**"]
[Black "Jankovic, Milan**"]
[Result "0-1"]
[WhiteElo "1605"]
[BlackElo "1683"]
[PlyCount "82"]
[EventDate "2017.09.03"]

1. d4 d5 2. c4 e6 3. Nc3 Nf6 4. Bg5 Nbd7 5. e3 c6 6. Nf3 Qa5 7. Bd3 dxc4 8.
Bxc4 Ne4 9. Qa4 Qxa4 10. Nxa4 b5 11. Bxb5 cxb5 12. Nc3 Nxg5 13. Nxg5 Bb4 14.
O-O a6 15. Rac1 h6 16. Nf3 Bb7 17. a3 Bxc3 18. Rxc3 O-O 19. Rc7 Bxf3 20. gxf3
Nb6 21. b3 Rfc8 22. Rb7 Nd5 23. e4 Rc7 24. Rxc7 Nxc7 25. Rc1 Ra7 26. f4 f5 27.
f3 fxe4 28. fxe4 Ne8 29. Rc6 Kf7 30. Kf2 Nf6 31. Kf3 Ke7 32. e5 Nd5 33. Ke4 g6
34. Rc8 Rc7 35. Rxc7+ Nxc7 36. h3 a5 37. h4 h5 38. a4 bxa4 39. bxa4 Nd5 40. Kd3
Nxf4+ 41. Kc4 g5 0-1

[Event "Liga CS Istok 2017"]
[Site "Zaječar, Hotel "]
[Date "2017.10.13"]
[Round "8.2"]
[White "Milojevic, Boban"]
[Black "Modric, Nesa"]
[Result "0-1"]
[WhiteElo "1963"]
[BlackElo "2197"]
[PlyCount "100"]
[EventDate "2017.09.03"]

1. e4 c6 2. d4 d5 3. Nd2 e6 4. c4 dxe4 5. Nxe4 Nd7 6. Nf3 Ngf6 7. Bd3 Nxe4 8.
Bxe4 Nf6 9. Bc2 Be7 10. O-O O-O 11. Ne5 c5 12. dxc5 Bxc5 13. Bf4 Qb6 14. b3 Rd8
15. Qe2 Bd7 16. Rad1 Be8 17. Nd3 Be7 18. h3 a5 19. Be3 Qc7 20. Bf4 Qc8 21. Ne5
Rxd1 22. Rxd1 a4 23. Qd3 Qc5 24. Ng4 Qh5 25. Nxf6+ Bxf6 26. g4 Qh4 27. b4 e5
28. Bc1 Rd8 29. Qg3 Qxg3+ 30. fxg3 Rxd1+ 31. Bxd1 b5 32. g5 Bd8 33. c5 Bc6 34.
Bg4 Kf8 35. h4 g6 36. Kf2 f5 37. gxf6 Bxf6 38. Bb2 Ke7 39. Ke3 Bg7 40. Ke2 Bd5
41. a3 h5 42. Bh3 Kd8 43. Kf2 Kc7 44. Bf1 Kc6 45. Bd3 Bf7 46. Be4+ Kd7 47. Bd3
Kc6 48. Be4+ Kc7 49. Bd3 Be8 50. Kf3 e4+ 0-1

[Event "Liga CS Istok 2017"]
[Site "Zaječar, Hotel "]
[Date "2017.10.13"]
[Round "8.2"]
[White "Celenkovic, Bojan"]
[Black "Djordjevic, Zoran V"]
[Result "1-0"]
[WhiteElo "2052"]
[BlackElo "2051"]
[PlyCount "61"]
[EventDate "2017.09.03"]

1. e4 c5 2. Nf3 e6 3. d4 cxd4 4. Nxd4 a6 5. Nc3 Qc7 6. Bd3 Nf6 7. O-O Be7 8.
Be3 d6 9. a4 b6 10. Qe2 Bb7 11. f4 O-O 12. Rfe1 Nbd7 13. g4 Nc5 14. Bd2 Nfd7
15. g5 Rfc8 16. h4 Bf8 17. f5 Ne5 18. b4 Ncxd3 19. cxd3 Qd7 20. h5 exf5 21.
Nxf5 g6 22. hxg6 fxg6 23. Ne3 Bg7 24. Ned5 Bxd5 25. Nxd5 Rab8 26. Be3 Qd8 27.
Rac1 b5 28. a5 Nd7 29. Qg4 Nf8 30. Rxc8 Rxc8 31. Qxc8 1-0

[Event "Liga CS Istok 2017"]
[Site "Zaječar, Hotel "]
[Date "2017.10.13"]
[Round "8.2"]
[White "Antic, Mile"]
[Black "Damjanovic, Nebojsa"]
[Result "1-0"]
[WhiteElo "1772"]
[BlackElo "1955"]
[PlyCount "69"]
[EventDate "2017.09.03"]

1. e4 e6 2. c4 c5 3. Nf3 Nc6 4. Be2 g6 5. d4 cxd4 6. Nxd4 Bg7 7. Nb5 Nf6 8.
Nd6+ Kf8 9. Nc3 a6 10. O-O Ne8 11. f4 Nxd6 12. Qxd6+ Qe7 13. c5 Bd4+ 14. Kh1
Bxc5 15. Qd3 Nb4 16. Qd1 Kg7 17. f5 f6 18. Na4 Ba7 19. b3 Nc6 20. Qd2 g5 21.
Bb2 e5 22. Nc3 Qb4 23. Qd5 Nd4 24. Bh5 Rf8 25. a4 Nc2 26. Na2 Qc5 27. Qxc5 Bxc5
28. Rac1 Nb4 29. Rxc5 Nxa2 30. Ba3 a5 31. Bb2 b6 32. Rc7 Kh6 33. Be2 Nb4 34.
Bb5 d5 35. Rf3 1-0

[Event "Liga CS Istok 2017"]
[Site "Zaječar, Hotel "]
[Date "2017.10.13"]
[Round "8.2"]
[White "Radulovic, Srecko"]
[Black "Vasic, Milovan"]
[Result "0-1"]
[WhiteElo "1942"]
[BlackElo "1660"]
[PlyCount "54"]
[EventDate "2017.09.03"]

1. d4 Nf6 2. c3 g6 3. Bg5 Bg7 4. Nd2 d5 5. e3 Nbd7 6. Ngf3 c6 7. Bd3 Nb6 8. Qc2
Bg4 9. Ne5 Nbd7 10. h3 Be6 11. f4 Nxe5 12. fxe5 Nd7 13. Nf3 h6 14. Bxg6 Nf8 15.
Bd3 hxg5 16. Nxg5 Qd7 17. Rf1 O-O-O 18. Nxf7 Bxf7 19. Rxf7 Ne6 20. Bf5 Rhg8 21.
Qe2 Bh6 22. Rh7 Rdf8 23. Qh5 Rg5 24. Qxh6 Rgxf5 25. Rh8 Rf1+ 26. Ke2 Rxa1 27.
Rxf8+ Nxf8 0-1

[Event "Liga CS Istok 2017"]
[Site "Zaječar, Hotel "]
[Date "2017.10.13"]
[Round "8.2"]
[White "Tuovic, Milos"]
[Black "Korbovljanovic, Natasa*"]
[Result "0-1"]
[WhiteElo "1699"]
[BlackElo "1847"]
[PlyCount "91"]
[EventDate "2017.09.03"]

1. Nc3 Nf6 2. e4 e5 3. Bc4 Bc5 4. Nf3 d6 5. h3 c6 6. d3 h6 7. O-O O-O 8. Na4
Bb4 9. a3 Ba5 10. b4 Bc7 11. Nc3 b5 12. Bb3 a5 13. bxa5 Bxa5 14. Bb2 Nbd7 15.
a4 b4 16. Ne2 Nc5 17. Bc4 Ba6 18. Nd2 Bb6 19. Bb3 Nxb3 20. Nxb3 Bc8 21. Kh2 Nh5
22. f4 exf4 23. Nxf4 Nxf4 24. Rxf4 Qg5 25. Rf3 Bc7 26. Qe1 f6 27. Kh1 d5 28.
Qxb4 Re8 29. Raf1 Qh4 30. Qc5 Bg4 31. Re3 Bg3 32. Rxg3 Qxg3 33. hxg4 Qxg4 34.
Qxc6 dxe4 35. dxe4 Qe2 36. Kg1 Qe3+ 37. Kh2 Qe2 38. Rf5 Rac8 39. Qd5+ Kh8 40.
Nd4 Qg4 41. g3 Rxe4 42. a5 Rxc2+ 43. Nxc2 Re2+ 44. Kg1 Qxg3+ 45. Kf1 Rxc2 46.
Rf3 0-1

[Event "Liga CS Istok 2017"]
[Site "Zaječar, Hotel "]
[Date "2017.10.13"]
[Round "8.2"]
[White "Popovic, Marko"]
[Black "Miskovic, Lazar**"]
[Result "1-0"]
[WhiteElo "1631"]
[BlackElo "1738"]
[PlyCount "50"]
[EventDate "2017.09.03"]

1. d4 Nf6 2. c4 d5 3. Nc3 e6 4. e3 c6 5. Nf3 Bd6 6. Bd3 O-O 7. O-O h6 8. e4
dxc4 9. Bxc4 Bc7 10. Qe2 b6 11. Rd1 Bb7 12. e5 Nd5 13. Qe4 Nd7 14. Bd3 f5 15.
exf6 Qxf6 16. Qh7+ Kf7 17. Ne4 Qe7 18. Bxh6 Ke8 19. Qxg7 Rf7 20. Qg8+ Nf8 21.
Neg5 Rf6 22. Bg7 Rf5 23. Bxf8 Rxf8 24. Qxe6 Qxe6 25. Nxe6 Rxf3 1-0

[Event "Liga CS Istok 2017"]
[Site "Zaječar, Hotel "]
[Date "2017.10.13"]
[Round "8.3"]
[White "Garic, Radomir"]
[Black "Tosic, Branislav"]
[Result "1/2-1/2"]
[WhiteElo "2264"]
[BlackElo "2208"]
[PlyCount "21"]
[EventDate "2017.09.03"]

1. e4 e6 2. Qe2 Nc6 3. Nf3 e5 4. g3 Nf6 5. Bg2 d6 6. c3 g6 7. O-O Bg7 8. d3 O-O
9. Nbd2 Nh5 10. b4 f5 11. exf5 1/2-1/2

[Event "Liga CS Istok 2017"]
[Site "Zaječar, Hotel "]
[Date "2017.10.13"]
[Round "8.3"]
[White "Trailovic, Mile"]
[Black "Milunovic, Toni"]
[Result "1-0"]
[WhiteElo "2094"]
[BlackElo "2269"]
[PlyCount "72"]
[EventDate "2017.09.03"]

1. e4 e6 2. d3 d5 3. Bd2 c5 4. Nc3 Nc6 5. g3 Nf6 6. Bg2 Be7 7. Nge2 d4 8. Nb1
e5 9. h3 b5 10. f4 Nd7 11. O-O f6 12. Bc1 c4 13. Nd2 cxd3 14. cxd3 Nc5 15. Nb3
Na4 16. f5 Ba6 17. g4 Rc8 18. Ng3 Nb4 19. Rf2 Qc7 20. g5 Nc2 21. Rb1 Ne3 22.
Qh5+ Kd7 23. Qf7 Qd6 24. a3 Rcf8 25. Qh5 fxg5 26. Bd2 Qh6 27. Qf3 Qb6 28. Ba5
Qb8 29. Nf1 Nxf1 30. Bxf1 Rf6 31. Rc1 Rc8 32. Rxc8 Bxc8 33. Rc2 Bd6 34. Qg2 Bb7
35. h4 Qg8 36. Nc1 Qf7 {Partija je dalje nečitko napisana.} 1-0

[Event "Liga CS Istok 2017"]
[Site "Zaječar, Hotel "]
[Date "2017.10.13"]
[Round "8.3"]
[White "Mitrovic, Darko A"]
[Black "Simic, Petar S**"]
[Result "0-1"]
[WhiteElo "2076"]
[BlackElo "2000"]
[PlyCount "82"]
[EventDate "2017.09.03"]

1. e4 c5 2. Nf3 Nc6 3. d4 cxd4 4. Nxd4 Nf6 5. Nc3 d6 6. Be2 e5 7. Nf3 h6 8. h3
Be7 9. Be3 O-O 10. O-O Be6 11. Qd2 a6 12. Rad1 b5 13. a3 Rc8 14. Nh2 Na5 15. f4
Qc7 16. Kh1 Bc4 17. Ng4 Nxg4 18. hxg4 Rfd8 19. Rf2 exf4 20. Bxf4 Be6 21. Nd5
Bxd5 22. Qxd5 Qc5 23. Qxc5 dxc5 24. Rxd8+ Bxd8 25. b3 c4 26. b4 Nc6 27. Bd6 Bf6
28. Bf3 Rd8 29. Bc7 Rd7 30. Bg3 Bb2 31. g5 hxg5 32. Bg4 Re7 33. Bd6 Rxe4 34.
Bf3 Rh4+ 35. Kg1 Bd4 36. Bxc6 Bxf2+ 37. Kxf2 Rh6 38. Be5 Rxc6 39. Kf3 f5 40. g3
Kf7 41. Bd4 Re6 0-1

[Event "Liga CS Istok 2017"]
[Site "Zaječar, Hotel "]
[Date "2017.10.13"]
[Round "8.3"]
[White "Brankovan, Mario"]
[Black "Zivkovic, Toplica"]
[Result "1/2-1/2"]
[WhiteElo "1877"]
[BlackElo "1942"]
[PlyCount "37"]
[EventDate "2017.09.03"]

1. d4 d5 2. Nf3 Nf6 3. e3 Bg4 4. Be2 e6 5. O-O Be7 6. Nbd2 O-O 7. c4 dxc4 8.
Nxc4 Nbd7 9. Nfe5 Bxe2 10. Qxe2 c5 11. Rd1 cxd4 12. Rxd4 Qc7 13. Nf3 Rfd8 14.
b3 b5 15. Na3 a6 16. Bb2 Rac8 17. Rad1 Qa5 18. Qe1 Qxe1+ 19. Nxe1 1/2-1/2

[Event "Liga CS Istok 2017"]
[Site "Zaječar, Hotel "]
[Date "2017.10.13"]
[Round "8.3"]
[White "Nikolic, Nikola*"]
[Black "Agai, Dzabir"]
[Result "1/2-1/2"]
[WhiteElo "1840"]
[BlackElo "1831"]
[PlyCount "59"]
[EventDate "2017.09.03"]

1. d4 Nf6 2. c4 c6 3. Nc3 d5 4. Nf3 e6 5. g3 Be7 6. Bg2 Nbd7 7. b3 Bb4 8. Qc2
Ne4 9. Bb2 Qa5 10. Rc1 Qxa2 11. O-O Bxc3 12. Bxc3 Qxc2 13. Rxc2 Nxc3 14. Rxc3
O-O 15. Nd2 Nf6 16. Ra1 Bd7 17. c5 Ne8 18. e3 Nc7 19. Bf1 f6 20. f4 a6 21. b4
Rfe8 22. Nf3 Kf7 23. Bd3 g6 24. h4 Rg8 25. Kf2 Ke7 26. Rca3 Raf8 27. Rh1 h6 28.
Kg2 Ne8 29. g4 Nc7 30. g5 1/2-1/2

[Event "Liga CS Istok 2017"]
[Site "Zaječar, Hotel "]
[Date "2017.10.13"]
[Round "8.3"]
[White "Delic, Brano"]
[Black "Nikic, Dragan"]
[Result "1/2-1/2"]
[WhiteElo "1728"]
[BlackElo "1821"]
[PlyCount "58"]
[EventDate "2017.09.03"]

1. b4 d5 2. Bb2 Bf5 3. Nf3 h6 4. e3 Nd7 5. c4 c6 6. a3 Ngf6 7. Be2 e6 8. O-O
Be7 9. d3 dxc4 10. dxc4 Qc7 11. Nbd2 O-O 12. Qb3 Rfd8 13. Rfd1 c5 14. b5 Ne4
15. Bd3 Nxd2 16. Rxd2 Bxd3 17. Rxd3 Nf6 18. Rad1 Rxd3 19. Rxd3 Rd8 20. Be5 Rxd3
21. Qxd3 Qd8 22. Qxd8+ Bxd8 23. Nd2 Nd7 24. Bc3 Bf6 25. Bxf6 Nxf6 26. f3 Kf8
27. Kf2 Ke7 28. e4 Nd7 29. Ke3 Kd6 1/2-1/2

[Event "Liga CS Istok 2017"]
[Site "Zaječar, Hotel "]
[Date "2017.10.13"]
[Round "8.4"]
[White "Rajkovic, Ljubisa"]
[Black "Zlatanovic, Zoran"]
[Result "1/2-1/2"]
[WhiteElo "2092"]
[BlackElo "2071"]
[PlyCount "27"]
[EventDate "2017.09.03"]

1. d4 Nf6 2. c4 e6 3. Nc3 Bb4 4. Qc2 c5 5. dxc5 Bxc5 6. Nf3 Qb6 7. e3 Be7 8.
Be2 a6 9. O-O Qc7 10. e4 d6 11. h3 Nbd7 12. Be3 b6 13. Rac1 Bb7 14. Nd2 1/2-1/2

[Event "Liga CS Istok 2017"]
[Site "Zaječar, Hotel "]
[Date "2017.10.13"]
[Round "8.4"]
[White "Kalcic, Krsta"]
[Black "Stojanovic, Goran"]
[Result "1/2-1/2"]
[WhiteElo "2136"]
[BlackElo "2044"]
[PlyCount "50"]
[EventDate "2017.09.03"]

1. e4 d6 2. d4 Nf6 3. Nc3 g6 4. Be3 Bg7 5. h3 c6 6. a4 Qa5 7. Qd2 e5 8. Nge2 a6
9. g4 h5 10. g5 Nh7 11. d5 c5 12. Nc1 Nd7 13. Nb3 Qc7 14. a5 O-O 15. Rg1 Re8
16. Qe2 Rb8 17. Nd2 Nhf8 18. Nc4 b5 19. axb6 Nxb6 20. Na5 Ra8 21. f3 Bd7 22.
Qf2 Reb8 23. b3 Nh7 24. Nd1 Nc8 25. Nb2 Nf8 1/2-1/2

[Event "Liga CS Istok 2017"]
[Site "Zaječar, Hotel "]
[Date "2017.10.13"]
[Round "8.4"]
[White "Milunovic, Sasa"]
[Black "Rajkovic, Branislav"]
[Result "1/2-1/2"]
[WhiteElo "1922"]
[BlackElo "2083"]
[PlyCount "32"]
[EventDate "2017.09.03"]

1. d4 d5 2. c4 e6 3. Nf3 Nf6 4. e3 Be7 5. Nc3 O-O 6. Bd3 Nbd7 7. O-O c5 8. b3
b6 9. Bb2 Bb7 10. cxd5 exd5 11. Rc1 a6 12. a4 Re8 13. Qe2 Bd6 14. Rfd1 Qe7 15.
Bb1 Rad8 16. Qd3 Ne4 1/2-1/2

[Event "Liga CS Istok 2017"]
[Site "Zaječar, Hotel "]
[Date "2017.10.13"]
[Round "8.4"]
[White "Colic, Ninoslav"]
[Black "Bulutic, Sasa"]
[Result "1/2-1/2"]
[WhiteElo "2100"]
[BlackElo "1970"]
[PlyCount "42"]
[EventDate "2017.09.03"]

1. e4 e6 2. Nf3 Nf6 3. Ng1 Ng8 4. Nc3 Nc6 5. Nf3 Bb4 6. a3 Bxc3 7. dxc3 d6 8.
Bg5 Nge7 9. Bb5 Bd7 10. Qe2 a6 11. Bc4 b5 12. Ba2 O-O 13. O-O Qc8 14. Nd4 e5
15. Nxc6 Nxc6 16. Qd2 Be6 17. Bd5 Bxd5 18. exd5 Nd8 19. Be7 Re8 20. Bxd8 Qxd8
21. a4 Qd7 1/2-1/2

[Event "Liga CS Istok 2017"]
[Site "Zaječar, Hotel "]
[Date "2017.10.13"]
[Round "8.4"]
[White "Laban, Dragan"]
[Black "Rajic, Stefan*"]
[Result "1/2-1/2"]
[WhiteElo "1608"]
[BlackElo "1800"]
[PlyCount "37"]
[EventDate "2017.09.03"]

1. d4 d5 2. Bf4 e6 3. Nf3 Bd6 4. Bg3 c5 5. e3 a6 6. c3 cxd4 7. exd4 Nc6 8. Bd3
h6 9. Nbd2 Bxg3 10. hxg3 Qf6 11. Qb3 Nge7 12. O-O-O b5 13. Kb1 Bd7 14. Nf1 b4
15. Ne3 g6 16. cxb4 Nxd4 17. Nxd4 Qxd4 18. Bxg6 Qf6 19. Bh5 1/2-1/2

[Event "Liga CS Istok 2017"]
[Site "Zaječar, Hotel "]
[Date "2017.10.13"]
[Round "8.5"]
[White "Milenkovic, Mladen"]
[Black "Jovic, Mirko"]
[Result "1/2-1/2"]
[WhiteElo "2335"]
[BlackElo "2206"]
[PlyCount "136"]
[EventDate "2017.09.03"]

1. e4 e6 2. d4 d5 3. Nc3 dxe4 4. Nxe4 Bd7 5. Nf3 Bc6 6. Bd3 Nd7 7. Qe2 Be7 8.
Bd2 Ngf6 9. O-O-O Nxe4 10. Bxe4 Bxe4 11. Qxe4 c6 12. Kb1 Nf6 13. Qe2 Qc7 14.
Ne5 Bd6 15. f4 O-O-O 16. g4 h5 17. g5 Ng8 18. g6 Bxe5 19. gxf7 Nh6 20. dxe5
Qxf7 21. Be3 Kb8 22. a4 Nf5 23. Bc5 Qc7 24. Rxd8+ Rxd8 25. Qxh5 Qa5 26. Rd1
Rxd1+ 27. Qxd1 Kc8 28. Bd6 Qxa4 29. Qh5 Nxd6 30. Qh8+ Kc7 31. Qxg7+ Kb6 32.
exd6 Qxf4 33. Qg1+ c5 34. Qd1 Qf8 35. h4 Kc6 36. d7 Kc7 37. h5 Kd8 38. Qh1 Kxd7
39. h6 Ke7 40. h7 Qh8 41. Qxb7+ Kf6 42. Qxa7 Kg6 43. Qe7 e5 44. Qxc5 Kxh7 45.
Qe7+ Kg6 46. b4 Kf5 47. Qf7+ Kg4 48. b5 Qb8 49. Qd5 Kf4 50. Qd2+ Kf3 51. Qd3+
Kf4 52. c4 e4 53. Qe2 Qb6 54. Kc2 e3 55. Qf1+ Ke4 56. Qd3+ Kf4 57. Kd1 Qa5 58.
Qd4+ Kf3 59. Qd5+ Kf4 60. Qd4+ Kf3 61. Qf6+ Ke4 62. Qb2 Qd8+ 63. Kc1 Kf3 64.
Qc2 e2 65. Qf5+ Ke3 66. Qe5+ Kf3 67. Qf5+ Ke3 68. Qe5+ Kf3 1/2-1/2

[Event "Liga CS Istok 2017"]
[Site "Zaječar, Hotel "]
[Date "2017.10.13"]
[Round "8.5"]
[White "Rasic, Jovan*"]
[Black "Zivkovic, Momcilo"]
[Result "0-1"]
[WhiteElo "2111"]
[BlackElo "2047"]
[PlyCount "89"]
[EventDate "2017.09.03"]

1. g3 g6 2. Bg2 Bg7 3. d3 c5 4. e4 e6 5. Ne2 d5 6. exd5 exd5 7. O-O Ne7 8. Nbc3
Nbc6 9. Bg5 h6 10. Bxe7 Nxe7 11. Nf4 O-O 12. Nfxd5 Nxd5 13. Nxd5 Bxb2 14. Rb1
Bd4 15. Qd2 Kh7 16. Rfe1 Rb8 17. c4 Be6 18. Qf4 b5 19. h4 h5 20. Be4 b4 21. Re2
a5 22. Kg2 a4 23. Qc1 Bxd5 24. Bxd5 Qd7 25. Qg5 Rfe8 26. Re4 Rxe4 27. dxe4 Kg7
28. e5 Qf5 29. Qxf5 gxf5 30. Bc6 a3 31. Rb3 Bxe5 32. Bd7 f4 33. Bc6 fxg3 34.
fxg3 Bc3 35. Be4 Rd8 36. Bd5 Re8 37. Kf2 f5 38. Bf3 Kg6 39. Bd5 Re5 40. Bf3 Re7
41. Bd5 Rd7 42. Rb1 Kf6 43. Ke3 Bd4+ 44. Kd2 Re7 45. Rf1 0-1

[Event "Liga CS Istok 2017"]
[Site "Zaječar, Hotel "]
[Date "2017.10.13"]
[Round "8.5"]
[White "Desic, Zoran"]
[Black "Jovanovic, Milan D"]
[Result "0-1"]
[WhiteElo "2001"]
[BlackElo "2055"]
[PlyCount "146"]
[EventDate "2017.09.03"]

1. e4 c5 2. Nf3 Nc6 3. d4 cxd4 4. Nxd4 Qb6 5. Nb3 Nf6 6. Nc3 e6 7. Be3 Qc7 8.
Qd2 a6 9. O-O-O d6 10. f4 b5 11. e5 dxe5 12. fxe5 Nd7 13. Bd3 Ncxe5 14. Be4 Nc4
15. Qe2 Bb7 16. Bf2 Be7 17. Bg3 Qc8 18. Rhf1 Nf6 19. Qf3 Bxe4 20. Nxe4 O-O 21.
Bh4 Ne5 22. Qh3 Nxe4 23. Bxe7 Re8 24. Bh4 Ng6 25. Be1 Qc4 26. Ba5 Rac8 27. Qd3
Qxd3 28. Rxd3 Ne5 29. Re3 f5 30. Bb4 Rc4 31. a3 Ng4 32. Rh3 Rd8 33. Na5 Rc7 34.
Nb3 Rcd7 35. Ba5 Rc8 36. Bb6 Rd6 37. Bg1 h6 38. Rhf3 Ne5 39. Re3 Nc4 40. Re2
Rcd8 41. Bc5 Rd5 42. Bb4 Rc8 43. g4 g6 44. Rg1 Kh7 45. h4 Ne5 46. h5 gxh5 47.
gxh5 Nd3+ 48. Kb1 Nf4 49. Rh2 Rg8 50. Rf1 Rg4 51. Nd2 Ng3 52. Re1 e5 53. Ba5 e4
54. Bc7 Nfxh5 55. Rg1 e3 56. Nf3 f4 57. Ne5 Rg7 58. Bb8 Rd8 59. Nc6 Rxb8 60.
Nxb8 f3 61. Nc6 f2 62. Rc1 Rf7 63. Ne5 f1=Q 64. Rxf1 Rxf1+ 65. Ka2 e2 66. Nd3
Rd1 67. b3 Rxd3 68. Rxe2 Nxe2 69. cxd3 Nc1+ 70. Kb2 Nxd3+ 71. Kc3 Nhf4 72. a4
b4+ 73. Kd4 h5 0-1

[Event "Liga CS Istok 2017"]
[Site "Zaječar, Hotel "]
[Date "2017.10.13"]
[Round "8.5"]
[White "Todorovic, Zoran D"]
[Black "Zarkovic, Milos**"]
[Result "1/2-1/2"]
[WhiteElo "2066"]
[BlackElo "1803"]
[PlyCount "63"]
[EventDate "2017.09.03"]

1. d4 Nf6 2. c4 e6 3. Nc3 Bb4 4. a3 Bxc3+ 5. bxc3 O-O 6. Bg5 d6 7. Bxf6 Qxf6 8.
e4 b6 9. Bd3 c5 10. Qf3 Qxf3 11. Nxf3 Nc6 12. Ke2 Na5 13. Nd2 Ba6 14. f4 Rac8
15. Rac1 Rc7 16. Rc2 Re8 17. e5 dxe5 18. dxe5 Rd8 19. Ke3 Rcd7 20. Be2 Kh8 21.
h4 f6 22. g4 fxe5 23. fxe5 Nc6 24. Nf3 Na5 25. Nd2 Nc6 26. Nf3 Na5 27. Nd2 Rf8
28. Rf1 Rxf1 29. Bxf1 Rf7 30. Bd3 g6 31. Rc1 Kg7 32. Rf1 1/2-1/2

[Event "Liga CS Istok 2017"]
[Site "Zaječar, Hotel "]
[Date "2017.10.13"]
[Round "8.5"]
[White "Stevic, Dragan"]
[Black "Mitic, Dragan"]
[Result "1/2-1/2"]
[WhiteElo "1821"]
[BlackElo "2122"]
[PlyCount "142"]
[EventDate "2017.09.03"]

1. d4 Nf6 2. c4 e5 3. dxe5 Ng4 4. e4 Nxe5 5. f4 Nec6 6. Nf3 Bb4+ 7. Bd2 Qe7 8.
Bd3 Qd6 9. Qe2 Qxf4 10. O-O Bxd2 11. Nbxd2 O-O 12. Rad1 Ne5 13. Nxe5 Qxe5 14.
Nf3 Qc5+ 15. Kh1 d6 16. Bb1 Be6 17. b3 Nc6 18. Qd2 h6 19. Nh4 Qg5 20. Qxg5 hxg5
21. Nf3 f6 22. Nd4 Bg4 23. Rd2 Ne5 24. h3 Bh5 25. g4 Bg6 26. Nf5 Rae8 27. Kg2
b6 28. Kg3 Nd7 29. h4 gxh4+ 30. Kxh4 Nc5 31. Re1 Kf7 32. Rde2 Rh8+ 33. Kg3 Ne6
34. Nh4 Bh7 35. Nf3 g5 36. Rh2 Bg6 37. Reh1 Rxh2 38. Rxh2 Nc5 39. Nd2 a5 40.
Kf3 Nd7 41. a3 Ne5+ 42. Kg3 Kg7 43. Nf3 Nc6 44. Re2 Bf7 45. Bd3 Be6 46. Rh2 Ne5
47. Nxe5 dxe5 48. a4 Rd8 49. Rd2 Kf7 50. Rd1 Ke7 51. Be2 Rxd1 52. Bxd1 Kd6 53.
Kf2 Kc5 54. Ke3 c6 55. Kd3 Kb4 56. Kd2 Bd7 57. Kc2 b5 58. axb5 cxb5 59. cxb5
Bxb5 60. Kb2 Bf1 61. Kc2 Ba6 62. Bf3 Bc8 63. Kb2 a4 64. bxa4 Kc4 65. Kc2 Kd4
66. Kd2 Ba6 67. a5 Bb7 68. Bg2 Kc5 69. a6 Bc8 70. a7 Bb7 71. Kd3 Kb6 1/2-1/2